000 00644nam a2200193 a 4500
001 000040231
005 20201002034010.0
008 130819s1968 ag 000 0 spa d
040 _aDO-SdBNP
_bspa
_cBNPHU
082 _axxx
100 1 _aTannenbaum, Frank
_966492
240 1 0 _aSlave and
_lespañol
245 1 3 _aEl negro en las Américas :
_besclavo y ciudadano /
_cFrank Tannenbaum ; traducción Roberto Bixio.
260 _aBuenos Aires, Argentina :
_bPaídos,
_c1968.
300 _a119 p. ;
_c19 cm.
490 1 _aBiblioteca América Latina
_v14
700 1 _aBixio, Roberto,
_etr.
_962515
830 0 _aBiblioteca América Latina
_v14
_966493
999 _c39721
_d39721